Súvzťažnosti k účtom účtovej osnovy pre podnikateľov
Gespeichert in:
| 1. Verfasser: | |
|---|---|
| Format: | Buch |
| Sprache: | Slowakisch |
| Veröffentlicht: |
Bratislava
IURA EDITION
1999
|
| Ausgabe: | 2. preprac. a dopl. vyd. |
| Schriftenreihe: | Ekonómia
|
| Schlagworte: | |
| Tags: |
Keine Tags, Fügen Sie das erste Tag hinzu!
|
MARC
| LEADER | 00000nam a2200000 4500 | ||
|---|---|---|---|
| 001 | c123286 | ||
| 005 | 20221123133514.3 | ||
| 020 | |a 80-88715-58-X | ||
| 041 | 0 | |a slo | |
| 044 | |a SK | ||
| 245 | 1 | 0 | |a Súvzťažnosti k účtom účtovej osnovy pre podnikateľov |c Anna Šlosárová |
| 250 | |a 2. preprac. a dopl. vyd. | ||
| 264 | 1 | |a Bratislava |b IURA EDITION |c 1999 | |
| 300 | |a 384 s. | ||
| 490 | 1 | |a Ekonómia | |
| 830 | 0 | |a Ekonómia | |
| 610 | 2 | 0 | |a účtovníctvo |
| 610 | 2 | 0 | |a účty |
| 610 | 2 | 0 | |a podnikanie |
| 610 | 2 | 0 | |a podnikatelia |
| 610 | 2 | 0 | |a evidencia analytická |
| 610 | 2 | 0 | |a osnova účtová |
| 610 | 2 | 0 | |a triedy účtové |
| 610 | 2 | 0 | |a účtovanie |
| 610 | 2 | 0 | |a prípady účtovné |
| 610 | 2 | 0 | |a dane |
| 100 | 1 | |a Šlosárová, Anna | |